000 00296nam a22001337a 4500
008 171202b xxu||||| |||| 00| 0 eng d
020 _a9780691001753
041 _aeng
080 _a32
100 _a18
101 _aSHP
245 _aBEING MUSLIM THE BOSNIAN WAY
_cBRINGA, T
942 _2udc
_cBK
999 _c38743
_d38743